Welcome to CU Library Online Public Access Catalogue (OPAC)

ENGLISH LITERATURE (Record no. 1569)

MARC details
000 -LEADER
fixed length control field 00448nam a22001457a 4500
005 - DATE AND TIME OF LATEST TRANSACTION
control field 20241126180022.0
008 - FIXED-LENGTH DATA ELEMENTS--GENERAL INFORMATION
fixed length control field 241126b |||||||| |||| 00| 0 eng d
020 ## - INTERNATIONAL STANDARD BOOK NUMBER
International Standard Book Number 817473025
050 ## - LIBRARY OF CONGRESS CALL NUMBER
Classification number PR85
Item number .L65 LON
100 ## - MAIN ENTRY--PERSONAL NAME
Personal name LONG, J. WILLIAM
245 ## - TITLE STATEMENT
Title ENGLISH LITERATURE
Remainder of title ITS HISTORY AND ITS SIGNIFICANCE FOR THE LIFE OF THE ENGLIG SPEAKING WORID
260 ## - PUBLICATION, DISTRIBUTION, ETC.
Place of publication, distribution, etc. DELHI
Name of publisher, distributor, etc. A.I.T.B.S. PUBLISHERS
Date of publication, distribution, etc. c2006
300 ## - PHYSICAL DESCRIPTION
Extent xiv, 636p
Other physical details ill.;
942 ## - ADDED ENTRY ELEMENTS (KOHA)
Source of classification or shelving scheme Library of Congress Classification
Koha item type Books
Suppress in OPAC No
999 ## -
-- 1569
-- 1569
Holdings
Withdrawn status Lost status Source of classification or shelving scheme Damaged status Not for loan Collection Home library Current library Shelving location Date acquired Total checkouts Full call number Barcode Date last seen Copy number Price effective from Koha item type
    Library of Congress Classification     Non-fiction Undergraduate Library (Christ Temple) Undergraduate Library (Christ Temple) General stacks 11/26/2024   PR85.L65 LON ulct00000375 11/26/2024 1 11/26/2024 Books
© 2023-2024 Copyright: Central University Libraries. All Rights Reserved | Created by: Mahone Tech Office